La iglesia en Colombia: estructuras eclesiásticas
Guardat en:
| Autors principals: | , |
|---|---|
| Format: | Llibre |
| Idioma: | espanyol |
| Publicat: |
Bogotá
Centro de Investigaciones Sociales
1961
|
| Matèries: | |
| Etiquetes: |
Afegir etiqueta
Sense etiquetes, Sigues el primer a etiquetar aquest registre!
|
MARC
| LEADER | 00000nam a2200000 a 4500 | ||
|---|---|---|---|
| 001 | UCQ2169 | ||
| 003 | CL-VaPUC | ||
| 008 | 980721e19610000CK |||||||||||||||||spa|d | ||
| 082 | 0 | 4 | |a 253.2 |b PER |2 21 |
| 100 | |a Pérez Ramírez, Gustavo |e autor |9 411134 | ||
| 700 | 0 | |a Wust, Isaac |e author |9 416119 | |
| 245 | 1 | 3 | |a La iglesia en Colombia: estructuras eclesiásticas |
| 300 | |a 195 p | ||
| 942 | |c BK | ||
| 945 | |d 19980721 00:00:00 |a aalvarez | ||
| 260 | |a Bogotá |b Centro de Investigaciones Sociales |c 1961 | ||
| 600 | 0 | |a Iglesia católica |9 255129 | |
| 650 | 0 | |a Teología pastoral |9 257832 | |
| 650 | 0 | |a Sacerdotes |9 315705 | |
| 651 | 0 | |a Colombia |9 256424 | |
| 583 | |a last modification |c 19980721 00:00:00 |k Rodrigo Vera | ||
| 999 | |c 273009 |d 273007 | ||
| 952 | |0 0 |1 0 |4 0 |6 253_200000000000000_PER_1961 |7 0 |8 A |9 308255 |a BIBTEO |b BIBTEO |d 2019-11-20 |i 3383156 |o 253.2 PER 1961 |p 3383156 |r 2025-01-17 |w 2019-11-20 |y BK |k ICR | ||